000 01294nam a2200361 c 4500
001 19607
003 ES-MaCES
005 20141221122621.0
008 061226s2006 sp l o000 | spa d
017 _aM 3082-2002
_bDL
024 7 _a601-06-181-3
_2nipo
035 _aCES20060016120m
040 _aES-MaCES
_bspa
_cES-MaCES
110 1 _aEspaña
_tLey de mediación de seguros y reaseguros privados
_d2006
_92978
245 1 0 _aLey de mediación de seguros y reaseguros privados
260 _a[Madrid]
_bMinisterio de Economía y Hacienda, Centro de Publicaciones
_c2006
300 _a74 p.
_c17 cm
490 1 _aTextos legales / separata del Boletín Oficial del Ministerio de Economía y Hacienda
_v15-2006
500 _aÍndices
541 _cGratuito
650 4 _aseguros
_928121
650 4 _aseguro privado
_930669
650 4 _amediación
_929897
650 4 _aEspaña
_926964
650 4 _alegislación económica
_927161
650 4 _atexto
_929624
653 1 0 _aLegislación
710 1 _aEspaña
_bMinisterio de Economía y Hacienda
_eed.
_93237
830 0 _aTextos legales / separata del Boletín Oficial del Ministerio de Economía y Hacienda
_v15-2006
_934038
902 _aLIB Libro
942 _2CES
_cBK
_h6.1.
999 _c19607
_d19607